000 00341 a2200157 4500
001 156079
040 _cEscola São Tomás de Aquino
100 _aBANDEIRA, Pedro
240 1 0 _aUm gol de placa
_lpor
245 1 0 _aUm gol de placa
300 _a22
362 0 _a2011
440 1 _aModerna
697 _a*LITERATURA INFANTO
942 _cBK
999 _c156079
_d156079